Текст томруулах:    
Turko-Mongol Rulers, Cities and Life (Бичлэгийн дугаар. 144261)
000 -УДИРДЛАГА
Удирдлага 01718nam a2200397 4500
003 - ХЯНАЛТЫН ТОО ТОДОРХОЙЛОГЧ
Код MN-UlNUM
005 - БИЧИЛТ ХИЙСЭН ОГНОО
Тухайн бичилтийг бичсэн засварласан сүүлийн огноо 20251010150546.0
008 - ЕРӨНХИЙ МЭДЭЭЛЭЛ
Ерөнхий мэдээлэл 250918s2013 enka|||| |||| 001 ||eng d
020 ## - ISBN
ISBN 9789004248762
040 ## - БИЧЛЭГ ҮҮСГЭГЧ БАЙГУУЛЛАГА
Бичлэг үүсгэгч номын сангийн код МУИС-ийн номын сан
084 ## - ББК АНГИЛАЛ
Нэмэлт тусгалт Нэг сэдэвт бүтээл
Мэдлэгийн ялгаа 63 - Түүх
ББК ангилал 63.3(5Tu+1)
Зохиогчийн гурван тэмдэгт T 95
245 ## - ҮНДСЭН ГАРЧИГ
Номын нэр Turko-Mongol Rulers, Cities and Life
Оролцогчдын тухай мэдээ Edited by David Durand-Guédy
260 ## - ГАРАЛТЫН МЭДЭЭ
Хэвлэгдсэн газар Boston
Хэвлэлийн газар Brill
Хэвлэгдсэн он 2013
300 ## - МАТЕРИАЛЫН ТОДОРХОЙЛОЛТ
хуудасны тоо 451
500 ## - Тайлбар
Дансны дугаар ГФ 20870
505 ## - Агуулгын тэмдэглэгээ
Агуулгын тэмдэглэгээ This book explores the relationship between Turko-Mongol rulers and urban centers, focusing on how cities functioned politically, socially, and culturally in Inner Asia.
546 ## - ХЭЛНИЙ ТУХАЙ МЭДЭЭ
Хэл Англи хэл дээр,
653 ## - Түлхүүр үг
Түлхүүр үг history
653 ## - Түлхүүр үг
Түлхүүр үг history of Mongolia
653 ## - Түлхүүр үг
Түлхүүр үг history of Turkey
653 ## - Түлхүүр үг
Түлхүүр үг city and town life
740 ## - НОМЫН ГАРЧИГ
Гарчиг Courts and court culture in the proto-urban and urban developments among the pre-Chinggisid Turkic peoples
740 ## - НОМЫН ГАРЧИГ
Гарчиг Sedentary Rulers on the Move: The Travels of the Early Ghaznavid Sultans
740 ## - НОМЫН ГАРЧИГ
Гарчиг From tents to city: the royal court of the western Qarakhanids between Bukhara and Samarqand
740 ## - НОМЫН ГАРЧИГ
Гарчиг The Tents of the Saljuqs
740 ## - НОМЫН ГАРЧИГ
Гарчиг Court and Nomadic Life in Saljuq Anatolia
740 ## - НОМЫН ГАРЧИГ
Гарчиг Seasonal Capitals with Permanent Buildings in the Mongol Empire
740 ## - НОМЫН ГАРЧИГ
Гарчиг Rulers and City Life in Mongol Central Asia
740 ## - НОМЫН ГАРЧИГ
Гарчиг The Itineraries of Shahrukh b. Timur
740 ## - НОМЫН ГАРЧИГ
Гарчиг A Landscape of Fortresses: Central Anatolia in Astarabadi’s Bazm wa razm
740 ## - НОМЫН ГАРЧИГ
Гарчиг The Castle and the Country: Spatial Orientations of Qipchaq Mamluk Rule
740 ## - НОМЫН ГАРЧИГ
Гарчиг Between Tehran and Sultaniyya. Early Qajar Rulers and their Itineraries
942 ## - ЭЛЕМЕНТИЙН ТӨРӨЛ
Зүйлийн төрөл Ном